| 000 | 01302nam0a22003251 4500 | ||
|---|---|---|---|
| 001 | rc\4033085 | ||
| 005 | 20220125131257.0 | ||
| 021 |
_aRU _b[51-6076] |
||
| 035 | _a(NLR Aleph) 008093632 | ||
| 090 |
_a9199499 _c9199499 |
||
| 100 | _a20130415d1951 |||y0rusy50 ca | ||
| 101 | 0 | _arus | |
| 102 | _aRU | ||
| 105 | _aa j ||||| | ||
| 200 | 1 |
_aКурс острых инфекционных болезней _e[Учебник для мед. ин-тов] |
|
| 205 | _a7-е изд. | ||
| 210 |
_a[Ленинград] _cМедгиз. Ленингр. отд-ние _d1951 |
||
| 215 |
_a528 с. _cил. _d26 |
||
| 300 | _aПеред загл. авт.: Г.А. Ивашенцов, М.Д. Тушинский, В.А. Башенин, М.Г. Данилевич | ||
| 606 |
_aИнфекционные болезни _jУчебники и пособия _2psbo |
||
| 701 | 1 |
_aБашенин _bВ. А. |
|
| 701 | 1 |
_aДанилевич _bМ. Г. |
|
| 701 | 1 |
_aТушинский _bМ. Д. _f1882-1962 _gМихаил Дмитриевич _3RU\NLR\AUTH\770227470 |
|
| 701 | 1 |
_aИвашенцов _bГ. А. _f1883-1933 _gГлеб Александрович _3RU\NLR\AUTH\77125136 |
|
| 801 | 0 |
_aRU _bNLR _gpsbo |
|
| 801 | 1 |
_aRU _bELAR _2rusmarc |
|
| 852 |
_aNLR _jМд30 Г-7/51 |
||
| 942 | _cBOOK | ||
| 980 | _aNB | ||